000 00406nam a22001457a 4500
999 _c524194
_d524194
020 _a0-394-71654-X
040 _cNUST
082 _a973.923
_bCAR
100 _aCaro, Robert A.
_915010
245 _aThe path to power :
_bThe years of Lyndon Johnson /
_cRobert A. Caro.
260 _aNew York :
_bVintage books,
_c1983.
300 _aill, 882 p. ;
_c24 cm.
500 _aIncludes Indexes.
942 _2ddc
_cBK